MARC details
| 000 -CABECERA |
| campo de control de longitud fija |
01110nam a2200241 a 4500 |
| 001 - NÚMERO DE CONTROL |
| campo de control |
000041126 |
| 005 - FECHA Y HORA DE LA ÚLTIMA TRANSACCIÓN |
| campo de control |
20201002034636.0 |
| 008 - DATOS DE LONGITUD FIJA--INFORMACIÓN GENERAL |
| campo de control de longitud fija |
130918s2004 sp ac 000 0 spa d |
| 040 ## - FUENTE DE LA CATALOGACIÓN |
| Centro catalogador/agencia de origen |
DO-SdBNP |
| Lengua de catalogación |
spa |
| Centro/agencia transcriptor |
BNPHU |
| 082 ## - NÚMERO DE LA CLASIFICACIÓN DECIMAL DEWEY |
| Número de clasificación |
xxx |
| Número de documento/Ítem |
xxx |
| 245 00 - MENCIÓN DE TÍTULO |
| Título |
Al sur del margen : |
| Resto del título |
avatares y límites de una región postergada, Moquegua (Perú) / |
| Mención de responsabilidad, etc. |
coordinadores Teresa Cañedo-Argüelles ; Dolores Brandis García, Gonzalo Ramírez de Haro y Teba Castaño García. |
| 260 ## - PUBLICACIÓN, DISTRIBUCIÓN, ETC. |
| Lugar de publicación, distribución, etc. |
Madrid : |
| Nombre del editor, distribuidor, etc. |
Consejo Superior de Investigaciones Científicas |
| -- |
Instituto de Estudios Peruanoa, |
| Fecha de publicación, distribución, etc. |
2004. |
| 300 ## - DESCRIPCIÓN FÍSICA |
| Extensión |
498 p. : |
| Otras características físicas |
il., retr. ; |
| Dimensiones |
24 cm. |
| 490 1# - MENCIÓN DE SERIE |
| Mención de serie |
Biblioteca de historia de América ; |
| Designación de volumen o secuencia |
30 ; |
| 504 ## - NOTA DE BIBLIOGRAFÍA, ETC. |
| Nota de bibliografía, etc. |
Bibliografía : p. 483-498 |
| 590 ## - NOTA LOCAL (RLIN) |
| Nota local |
Inventariado, 2019/ YL |
| 700 1# - PUNTO DE ACCESO ADICIONAL--NOMBRE DE PERSONA |
| Nombre de persona |
Cañedo-Arguelles Fábrega, Teresa, |
| Término indicativo de función/relación |
coor, |
| 9 (RLIN) |
67668 |
| 700 1# - PUNTO DE ACCESO ADICIONAL--NOMBRE DE PERSONA |
| Nombre de persona |
Brandis García, Dolores. |
| Término indicativo de función/relación |
coor. |
| 9 (RLIN) |
67669 |
| 700 1# - PUNTO DE ACCESO ADICIONAL--NOMBRE DE PERSONA |
| Nombre de persona |
Ramírez de Haro, Gonzalo |
| Término indicativo de función/relación |
coor. |
| 9 (RLIN) |
12123 |
| 700 1# - PUNTO DE ACCESO ADICIONAL--NOMBRE DE PERSONA |
| Nombre de persona |
Castaño García, Teba. |
| Término indicativo de función/relación |
coor. |
| 9 (RLIN) |
41717 |
| 710 2# - PUNTO DE ACCESO ADICIONAL--NOMBRE DE ENTIDAD CORPORATIVA |
| Nombre de entidad corporativa o nombre de jurisdicción como elemento de entrada |
Consejo Superior de Investigaciones Científicas |
| 9 (RLIN) |
4786 |
| 830 #0 - PUNTO DE ACCESO ADICIONAL DE SERIE-TÍTULO UNIFORME |
| Título uniforme |
Biblioteca de historia de América |
| Designación de volumen o secuencia |
30 |
| 9 (RLIN) |
66078 |